000
00340nam a2200145Ia 4500
008
150201s2010 xx 000 0 und d
082
_a
611.018
_b
M10G
100
_a
GARG,KRISHNA
245
_a
TB OF HISTOLOGY COLUR ATLAS
250
_a
4TH
260
_b
CBS
_a
DELHI
_c
2010
300
_a
1-184
650
_a
HUMAN ANATOMY
942
_2
ddc
_c
BK
_0
21
999
_c
454
_d
454